Oracle 9i : administración y análisis de bases de datos /
Contenido: Instalación, requisitos y primeros pasos; Bases de datos: conceptos, operaciones y elementos esenciales; Bases de datos relacionales, diseño y normalización de una base de datos; SQL*Plus; Elementos de Oracle 9i SQL: formatos, tipos de datos, operadores y funciones; Oracle 9i SQL: lenguaj...
Guardado en:
| Autor principal: | |
|---|---|
| Formato: | Libro |
| Idioma: | Español |
| Publicado: |
México :
Alfaomega,
2003, c2003
|
| Temas: | |
| Etiquetas: |
Sin etiquetas, Sé el primero en etiquetar este registro!
|
MARC
| LEADER | 00000nam^a2200000^a^4500 | ||
|---|---|---|---|
| 001 | 000153854 | ||
| 005 | 20250521000000.0 | ||
| 009 | 20260310100333.367 | ||
| 020 | |a 970-15-0845-9 | ||
| 037 | |a Acervo ITESO - Biblioteca | ||
| 041 | |a ESP | ||
| 082 | |a 005. 74 |b PER | ||
| 100 | |a Pérez López, César |e (autor) | ||
| 245 | 1 | 0 | |a Oracle 9i : |b administración y análisis de bases de datos / |c C. Pérez López. |
| 264 | 4 | |a México : |b Alfaomega, |c 2003, c2003 | |
| 300 | |a XIX, 718 p. | ||
| 336 | |a texto |b txt |2 rdacontenido | ||
| 337 | |a sin mediación |b n |2 rdamedio | ||
| 338 | |a volumen |b nc |2 rdasoporte | ||
| 520 | |a Contenido: Instalación, requisitos y primeros pasos; Bases de datos: conceptos, operaciones y elementos esenciales; Bases de datos relacionales, diseño y normalización de una base de datos; SQL*Plus; Elementos de Oracle 9i SQL: formatos, tipos de datos, operadores y funciones; Oracle 9i SQL: lenguaje de manipulación de datos: sentencia SELECT; Oracle 9i SQL: consultas multitabla (JOINS) y consultas resumen; Oracle 9i SQL: subconsultas y uso avanzado de funciones y variables; Oracle 9i SQL: lenguaje de manipulación de datos: actualizar bases de datos; Oracle 9i SQL: lenguaje de definición de datos: administración de tablas; Oracle 9i SQL: vistas, índices y lenguaje de control de transacciones; Administración del espacio y creación manual de la base de datos; Administración de Oracle 9i: creación y configuración; Administración de Oracle 9i: gestión de administradores, operadores, usuarios y roles; Administración de la seguridad en Oracle 9i; Administración avanzada con Oracle Entreprise Manager; Ajuste de la base de datos; Migración y auditoría de una base de datos Oracle. | ||
| 649 | |a XX | ||
| 650 | |a Bases de Datos - |x Administración | ||
| 650 | |a Manejadores de Bases de Datos - |x Administración | ||
| 650 | |a Proceso Electrónico de Datos | ||
| 650 | |a Proceso de Datos | ||
| 650 | |a Auditoría Informática | ||
| 650 | |a Redes de Computadoras - |x Administración | ||
| 650 | |a Comunicación en Red | ||
| 650 | |a Sistemas de Información | ||
| 650 | |a Sistemas Computacionales | ||
| 650 | |a Paquetes (Software) | ||
| 650 | |a Ingeniería Computacional | ||
| 910 | |a Fondo General | ||
| 920 | |a Impresos - Libros | ||
| 930 | |a Colección General | ||
| 905 | |a 101 | ||
| 901 | |a 0500085642 |b IT1 |c ACC |u 20250521 | ||
| 902 | |a https://opac.biblio.iteso.mx/vufind/Record/000153854 | ||